Caricamento...
Empire's Law
| Autore principale: | |
|---|---|
| Natura: | Printed Book |
| Pubblicazione: |
Hyderabad
Orient Longman
2007
|
| Soggetti: |
| LEADER | 00450nam a22001457a 4500 | ||
|---|---|---|---|
| 020 | |a 8125032479 | ||
| 082 | |a 909.83 | ||
| 100 | |a Bartholomew , Amy | ||
| 245 | |a Empire's Law | ||
| 260 | |a Hyderabad |b Orient Longman |c 2007 | ||
| 300 | |a 381p | ||
| 650 | |a World history | ||
| 942 | |c BK | ||
| 999 | |c 289610 |d 289610 | ||
| 952 | |0 0 |1 0 |4 0 |6 909_830000000000000_BAR_E |7 0 |9 329320 |a HIS |b HIS |c ST1 |d 2015-09-22 |g 380.00 |i 23366 |l 0 |o 909.83 BAR / E |p HIS23366 |r 2018-08-23 |w 2018-08-23 |y BK | ||